[Event "Catalunya-chT Gp2"]
[Site "Barcelona"]
[Date "2023.02.18"]
[Round "5.10"]
[White "Pinyol I Llora, Julia"]
[Black "Casas Douton, Domingo"]
[Result "0-1"]
[WhiteElo "1795"]
[BlackElo "2134"]
[PlyCount "116"]
[EventDate "2023.01.21"]
[EventType "team-tourn"]
[EventRounds "7"]
[EventCountry "ESP"]
[SourceTitle "CBM 213 Extra"]
[Source "ChessBase"]
[SourceDate "2023.05.31"]
[SourceVersion "1"]
[SourceVersionDate "2023.05.31"]
[SourceQuality "1"]
[WhiteTeam "Cerdanyola Valles"]
[BlackTeam "Sant Andreu"]
[WhiteTeamCountry "ESP"]
[BlackTeamCountry "ESP"]

1. d4 d5 2. c4 e6 3. Nf3 Nf6 4. g3 a6 5. Bg2 Be7 6. 0-0 0-0 7. Qc2 dxc4 8. a4 Nc6 9. Qxc4 Nb4 10. Bd2 a5 11. Nc3 b6 12. Ne5 Ba6 13. Nb5 Rc8 14. Bxb4 axb4 15. Nc6 Qd7 16. Nxb4 Bxb4 17. Qxb4 Nd5 18. Bxd5 Qxd5 19. Nc3 Qh5 20. Rfe1 Qa5 21. Qxa5 bxa5 22. Ne4 Rb8 23. Nc5 Bc8 24. b3 Rd8 25. e3 Kf8 26. Rac1 f6 27. Red1 Ke7 28. Rd3 e5 29. dxe5 Rxd3 30. Nxd3 Rxb3 31. exf6+ Kxf6 32. Rxc7 Bh3 33. Nc1 Rb4 34. f4 Rb2 35. Rc6+ Ke7 36. Rc7+ Kf8 37. Nd3 Rg2+ 38. Kh1 Rd2 39. Kg1 Rg2+ 40. Kh1 Rd2 41. Kg1 Rxd3 42. Kf2 Ra3 43. Rc4 Bd7 44. e4 Rxa4 45. Rxa4 Bxa4 46. Ke3 Ke7 47. Kd4 Bc6 48. Kc5 Bxe4 49. Kb5 Ke6 50. Kxa5 Kf5 51. Kb5 Kg4 52. Kc5 Kh3 53. Kd4 Kxh2 54. Kxe4 Kxg3 55. Kf5 h5 56. Kg5 h4 57. f5 h3 58. Kg6 Kf4 0-1

[Event "Catalunya-chT"]
[Site "Spain"]
[Date "1998.??.??"]
[Round "8"]
[White "Armengol Comas, Joaquim"]
[Black "Casas Douton, Domingo"]
[Result "0-1"]
[WhiteElo "2290"]
[BlackElo "2355"]
[PlyCount "78"]
[EventDate "1998.01.??"]
[EventType "team"]
[EventRounds "9"]
[EventCountry "ESP"]
[SourceTitle "EXT 2003"]
[Source "ChessBase"]
[SourceDate "2002.11.25"]
[SourceVersion "1"]
[SourceVersionDate "2002.11.25"]
[SourceQuality "1"]

1. e4 c5 2. Nc3 Nc6 3. Nge2 g6 4. d4 cxd4 5. Nxd4 Bg7 6. Nb3 Nf6 7. Be2 d6 8. 0-0 a6 9. f4 b5 10. Bf3 Bb7 11. Be3 Nd7 12. Qe1 Na5 13. Nxa5 Qxa5 14. Rb1 Rc8 15. Qf2 0-0 16. Nd5 Bxd5 17. exd5 Qxa2 18. Bg4 f5 19. Bf3 Qc4 20. c3 Nf6 21. Rfd1 Qc7 22. Ra1 Qb7 23. Bd4 Nd7 24. Bxg7 Kxg7 25. Re1 Rf7 26. Kh1 Rc4 27. g3 Nf6 28. Qg2 h5 29. Re6 b4 30. Be2 Re4 31. Bxa6 Qxd5 32. Rxe4 Nxe4 33. c4 Qd4 34. Rf1 e5 35. fxe5 dxe5 36. b3 Ra7 37. Bb5 Nd2 38. Rd1 Ra1 39. Qe2 Qe4+ 0-1

[Event "Catalunya-chT"]
[Site "Spain"]
[Date "1998.??.??"]
[Round "2"]
[White "Casas Douton, Domingo"]
[Black "Pares Vives, Natalia"]
[Result "1-0"]
[WhiteElo "2355"]
[BlackElo "2380"]
[PlyCount "145"]
[EventDate "1998.01.??"]
[EventType "team"]
[EventRounds "9"]
[EventCountry "ESP"]
[SourceTitle "EXT 2003"]
[Source "ChessBase"]
[SourceDate "2002.11.25"]
[SourceVersion "1"]
[SourceVersionDate "2002.11.25"]
[SourceQuality "1"]

1. e4 c5 2. Nf3 e6 3. d4 cxd4 4. Nxd4 Nf6 5. Nc3 d6 6. Be2 Be7 7. 0-0 0-0 8. Be3 Nc6 9. f4 Bd7 10. Bf3 Qc7 11. Nb3 Rfd8 12. Qe2 Na5 13. Nxa5 Qxa5 14. Bf2 Bc6 15. Rfd1 Rac8 16. a3 a6 17. Qe3 Qc7 18. Ne2 e5 19. Nc3 b5 20. Rd2 exf4 21. Qxf4 Nd7 22. Bg4 Rb8 23. Bxd7 Rxd7 24. Bd4 Re8 25. Rf1 Bf8 26. Rd3 Rde7 27. Rg3 Bxe4 28. Bxg7 Bxg7 29. Nxe4 Rxe4 30. Qf6 Qc5+ 31. Kh1 Qe5 32. Rxg7+ Kh8 33. Rxf7+ Qxf6 34. R7xf6 Re2 35. Rxd6 Rxc2 36. b4 Rg8 37. Rg1 Rg6 38. Rd3 Ra2 39. h3 Kg7 40. Kh2 h5 41. h4 Kh6 42. Kh3 Rc6 43. Rgd1 Rg6 44. g3 Re6 45. Rd6 Rae2 46. R1d3 Kg6 47. Rxe6+ Rxe6 48. g4 hxg4+ 49. Kxg4 a5 50. Kf4 axb4 51. axb4 Rc6 52. Ke5 Kh5 53. Rd5 Rb6 54. Kd4+ Kxh4 55. Kc5 Rb8 56. Kc6 Kg4 57. Rxb5 Rc8+ 58. Kb6 Kf4 59. Rd5 Rb8+ 60. Kc5 Ke4 61. Rd6 Ke5 62. Rc6 Rh8 63. b5 Rh1 64. b6 Rb1 65. Rc7 Ke6 66. b7 Rc1+ 67. Kb6 Rb1+ 68. Ka7 Ra1+ 69. Kb8 Rh1 70. Rc6+ Kd7 71. Ra6 Rb1 72. Ka8 Kc7 73. Ra3 1-0

[Event "Catalunya-chT"]
[Site "Catalunya"]
[Date "1996.??.??"]
[Round "?"]
[White "Casas Douton, Domingo"]
[Black "Bofill Mas, Alejandro"]
[Result "1/2-1/2"]
[WhiteElo "2230"]
[BlackElo "2380"]
[PlyCount "96"]
[EventDate "1996.??.??"]
[EventType "team"]
[EventRounds "9"]
[EventCountry "ESP"]
[SourceTitle "EXT 1999"]
[Source "ChessBase"]
[SourceDate "1998.11.16"]
[SourceVersion "1"]
[SourceVersionDate "1998.11.16"]
[SourceQuality "1"]

1. e4 c5 2. Nc3 d6 3. Bb5+ Bd7 4. Bxd7+ Qxd7 5. Nf3 Nc6 6. d4 cxd4 7. Nxd4 g6 8. 0-0 Bg7 9. Be3 Nf6 10. f3 0-0 11. Nd5 Rfc8 12. c3 Ne5 13. Nxf6+ Bxf6 14. Qe2 Nc4 15. Bf2 a6 16. b3 Na5 17. Qd2 b5 18. c4 Nc6 19. Rac1 Ne5 20. cxb5 axb5 21. Rxc8+ Rxc8 22. Be3 Qb7 23. Ne2 Nd7 24. Nf4 Be5 25. Nd5 Nf6 26. Nxf6+ Bxf6 27. Bd4 Bxd4+ 28. Qxd4 b4 29. h3 Qb5 30. Rd1 h5 31. Qd5 Rc5 32. Qd4 Rc2 33. Rd2 Rc1+ 34. Rd1 Qc5 35. Kh2 Rc2 36. Rd2 Rxd2 37. Qxd2 Qc3 38. Qd5 Kg7 39. Kg1 Qa1+ 40. Kh2 h4 41. Qd2 Qe5+ 42. Kh1 Qc3 43. Qf2 g5 44. Qa7 Kf6 45. Qa8 Kg7 46. Qb7 e6 47. Qe7 Kg6 48. Qxd6 f6 1/2-1/2

[Event "Catalunya-chT"]
[Site "Catalunya"]
[Date "1996.??.??"]
[Round "?"]
[White "Salgado Allaria, Carlos Fernando"]
[Black "Casas Douton, Domingo"]
[Result "1/2-1/2"]
[WhiteElo "2230"]
[BlackElo "2230"]
[PlyCount "134"]
[EventDate "1996.??.??"]
[EventType "team"]
[EventRounds "9"]
[EventCountry "ESP"]
[SourceTitle "EXT 1999"]
[Source "ChessBase"]
[SourceDate "1998.11.16"]
[SourceVersion "1"]
[SourceVersionDate "1998.11.16"]
[SourceQuality "1"]

1. d4 d5 2. c4 c6 3. Nf3 Nf6 4. e3 Bg4 5. cxd5 Bxf3 6. Qxf3 cxd5 7. Bb5+ Nc6 8. 0-0 e6 9. b3 Rc8 10. Qe2 a6 11. Bd3 Nb4 12. Bb2 Bd6 13. Nc3 Nxd3 14. Qxd3 0-0 15. Rac1 b5 16. f3 Qa5 17. Rc2 Rc7 18. e4 Bb4 19. e5 Nd7 20. f4 Rfc8 21. Rfc1 Ba3 22. Bxa3 Qxa3 23. Ne2 Qa5 24. Kf2 Qb6 25. Ke3 f6 26. Rxc7 Rxc7 27. Rxc7 Qxc7 28. Qc3 Qxc3+ 29. Nxc3 Kf7 30. a3 f5 31. Na2 Nb6 32. Kd3 Ke7 33. Nb4 a5 34. Nc6+ Kd7 35. Nxa5 Kc7 36. Kc3 Nc8 37. h3 Kb6 38. b4 Kc7 39. Nb3 Kd7 40. Nc5+ Ke7 41. Nb7 h6 42. h4 h5 43. Kb3 Na7 44. Nd6 Kd7 45. Kc3 Kc6 46. Ne8 g6 47. Nd6 Kd7 48. Kb3 Kc7 49. Kc2 Kc6 50. Kc3 Kd7 51. g3 Kc6 52. Kb3 Kc7 53. Kb2 Kc6 54. Kc3 Kc7 55. Kb3 Kd7 56. a4 bxa4+ 57. Kxa4 Nc6 58. Nb5 Kc8 59. Kb3 Kb7 60. Kc3 Kb6 61. Nd6 Na7 62. Nf7 Kc7 63. Nh8 Kd7 64. Nf7 Kc7 65. Ng5 Kd7 66. Kb3 Nb5 67. Nf3 Kc6 1/2-1/2

[Event "Catalunya-chT"]
[Site "Spain"]
[Date "1995.??.??"]
[Round "?"]
[White "Casas Douton, Domingo"]
[Black "Cuadras Avellana, Jordi"]
[Result "1-0"]
[WhiteElo "2180"]
[BlackElo "2300"]
[PlyCount "93"]
[EventDate "1995.??.??"]
[EventType "team"]
[EventRounds "9"]
[EventCountry "ESP"]
[SourceTitle "EXT 1998"]
[Source "ChessBase"]
[SourceDate "1997.11.17"]
[SourceVersion "1"]
[SourceVersionDate "1997.11.17"]
[SourceQuality "1"]

1. e4 c5 2. Nf3 e6 3. d4 cxd4 4. Nxd4 Nf6 5. Nc3 d6 6. Be2 Be7 7. Be3 0-0 8. Qd2 a6 9. f4 b5 10. a3 Bb7 11. Bf3 Qc7 12. 0-0 Nbd7 13. Nb3 Nc5 14. Nxc5 dxc5 15. e5 Rad8 16. Qf2 Nd5 17. Nxd5 exd5 18. Qe1 d4 19. Bd2 Bxf3 20. Ba5 Qb7 21. Bxd8 Bxg2 22. Rf2 Bd5 23. Bxe7 Qxe7 24. Rd2 Ba8 25. Qg3 Qb7 26. Re1 b4 27. h4 h5 28. Kh2 a5 29. Rg1 f5 30. axb4 axb4 31. Qg5 Qc7 32. Qxh5 b3 33. cxb3 Rb8 34. Qxf5 Rb6 35. Rd3 Rh6 36. Qg5 Kf8 37. Rdg3 Bd5 38. Re1 Re6 39. Qf5+ Kg8 40. Reg1 Re7 41. h5 Rf7 42. Qg6 Qa5 43. e6 Re7 44. f5 Qd2+ 45. Kh3 Be4 46. Qf6 Kh8 47. Qf8+ 1-0

[Event "Barcelona La Lira op"]
[Site "Barcelona"]
[Date "1995.??.??"]
[Round "8"]
[White "Marcet Bisbal, Antonio"]
[Black "Casas Douton, Domingo"]
[Result "0-1"]
[WhiteElo "2295"]
[BlackElo "2310"]
[PlyCount "66"]
[EventDate "1995.04.??"]
[EventType "swiss"]
[EventRounds "9"]
[EventCountry "ESP"]
[SourceTitle "EXT 2003"]
[Source "ChessBase"]
[SourceDate "2002.11.25"]
[SourceVersion "1"]
[SourceVersionDate "2002.11.25"]
[SourceQuality "1"]

1. e4 c5 2. Nf3 Nc6 3. Bb5 g6 4. c3 Nf6 5. Qe2 Bg7 6. 0-0 0-0 7. h3 d6 8. d4 cxd4 9. cxd4 a6 10. Ba4 Bd7 11. Nc3 b5 12. Bc2 b4 13. Nd1 e5 14. dxe5 dxe5 15. Be3 Nh5 16. Bd3 a5 17. Qd2 Qe7 18. Rc1 Rfc8 19. Bc4 Be6 20. Bd5 Bxd5 21. exd5 Nd8 22. Rxc8 Rxc8 23. Bb6 Nb7 24. Ne3 Qd6 25. Ba7 Qa6 26. Rc1 Rxc1+ 27. Qxc1 Qxa7 28. Qc7 Qa8 29. d6 Nxd6 30. Qxd6 e4 31. Ng5 h6 32. Nd5 hxg5 33. g4 Nf4 0-1